Světová ekonomická centra na přelomu tisíciletí

Kvantitatívne porovnanie hlavných svetových ekonomických centier - amerického, európskeho a japonského. Ekonomický vývoj v závere 90. rokov. Podiel na svetovom HDP. Rozloha ekonomických centier a počet obyvateľov v roku 1999. Podiel na svetovom exporte. Vybrané makroekonomické ukazovatele v ekonomic...

Ausführliche Beschreibung

Gespeichert in:
Bibliographische Detailangaben
1. Verfasser: Kunešová, Hana
Format: Buchkapitel
Sprache:Tschechisch
Schlagworte:
Tags: Tag hinzufügen
Keine Tags, Fügen Sie das erste Tag hinzu!

MARC

LEADER 00000naa a2200000 4500
001 r040408
005 20230927120810.8
041 0 |a cze 
044 |a CZ 
245 1 0 |a Světová ekonomická centra na přelomu tisíciletí  |c Hana Kunešová 
520 |a Kvantitatívne porovnanie hlavných svetových ekonomických centier - amerického, európskeho a japonského. Ekonomický vývoj v závere 90. rokov. Podiel na svetovom HDP. Rozloha ekonomických centier a počet obyvateľov v roku 1999. Podiel na svetovom exporte. Vybrané makroekonomické ukazovatele v ekonomických centrách. Špecifikum európskeho centra. 
610 2 0 |a situácia hospodárska 
610 2 0 |a USA 
610 2 0 |a Japonsko 
610 2 0 |a Európa 
610 2 0 |a hospodárstvo svetové 
610 2 0 |a globalizácia 
610 2 0 |a vývoj hospodársky 
610 2 0 |a produkt domáci hrubý 
610 2 0 |a dovoz 
610 2 0 |a vývoz 
610 2 0 |a porovnanie medzinárodné 
100 1 |a Kunešová, Hana